000 00529nam a2200205 a 4500
008 951031s1994||||xo 0 slo c
020 _a8022102814
_c35
040 _aSNK
_bslo
_cSNK
_eAACR2
041 1 _aslo
_hger
044 _axo
_cSK
080 _a830 (494)-3
100 1 _aKnittel, John
_4aut
245 1 0 _aEl Hakim
_cJohn Knittel ; Prel. Rudo Brtáň
250 _a3. vyd.
260 _aBratislava
_bSmena
_c1994
300 _a294 s.
_bVysvetl.
_c21 cm
700 1 _aBrtáň, Rudo
_4trl
765 0 _tEl Hakim
958 _aAUL
999 _c7891
_d7891